00265nam a22000977a 450000500170000000800410001702000090005804000080006724500490007526000430012420201117140821.0201117b ||||| |||| 00| 0 eng d a5489 cCML aAtlas of Western Civilazation.cBirrell T.A. aTorontobD. Van Nostrand Companyc1960